000
00316nam a22001217a 4500
999
_c
5452
_d
5452
008
250918b ||||| |||| 00| 0 eng d
020
_a
9781786960566
082
_a
823.92 GRY
100
_a
GRYLLS,BEAR
_e
AUTHOR
_l
ENGLISH
245
_a
BEAR GRYLLS ADVENTURES
260
_a
GREAT BRITAIN
_b
BEAR GRYLLS
_c
2020
942
_2
ddc